Passages : (Record no. 255)
[ view plain ]
| 000 -LEADER | |
|---|---|
| fixed length control field | 01282cam a22003375a 4500 |
| 003 - CONTROL NUMBER IDENTIFIER | |
| control field | EG-ScBUE |
| 005 - DATE AND TIME OF LATEST TRANSACTION | |
| control field | 20211019145919.0 |
| 008 - FIXED-LENGTH DATA ELEMENTS--GENERAL INFORMATION | |
| fixed length control field | 190711r20042000enka f 000 0 eng d |
| 020 ## - INTERNATIONAL STANDARD BOOK NUMBER | |
| International Standard Book Number | 9780521564717 |
| 020 ## - INTERNATIONAL STANDARD BOOK NUMBER | |
| International Standard Book Number | 0521564719 |
| 040 ## - CATALOGING SOURCE | |
| Original cataloging agency | EG-ScBUE |
| Language of cataloging | eng |
| Description conventions | rda |
| Transcribing agency | EG-ScBUE |
| Modifying agency | EG-ScBUE |
| 082 04 - DEWEY DECIMAL CLASSIFICATION NUMBER | |
| Classification number | 428.24 |
| Item number | RIC |
| Edition number | 22 |
| 100 1# - MAIN ENTRY--PERSONAL NAME | |
| Personal name | Richards, Jack C., |
| Dates associated with a name | 1943- |
| Relator term | author. |
| 245 10 - TITLE STATEMENT | |
| Title | Passages : |
| Remainder of title | an upper-level multi-skills course. |
| Name of part/section of a work | Student's book 2 / |
| Statement of responsibility, etc | Jack C. Richards, Chuck Sandy. |
| 250 ## - EDITION STATEMENT | |
| Materials specified | Ninth printing. |
| 264 #1 - PUBLICATION, DISTRIBUTION, ETC. (IMPRINT) | |
| Place of publication, distribution, etc | Cambridge, United Kingdom : |
| Name of publisher, distributor, etc | Cambridge University Press, |
| Date of publication, distribution, etc | 2004. |
| 300 ## - PHYSICAL DESCRIPTION | |
| Extent | iv, 72 pages : |
| Other physical details | illustrations ; |
| Dimensions | 28 cm |
| 336 ## - CONTENT TYPE | |
| Source | rdacontent |
| Content type term | text |
| Content type code | txt |
| 337 ## - MEDIA TYPE | |
| Source | rdamedia |
| Media type term | unmediated |
| Media type code | n |
| 338 ## - CARRIER TYPE | |
| Source | rdacarrier |
| Carrier type term | volume |
| Carrier type code | nc |
| 520 ## - SUMMARY, ETC. | |
| Summary, etc | Passages is a two-level, multi-skills course that takes students of English from the high-intermediate to the advanced level. |
| 590 ## - LOCAL NOTE (RLIN) | |
| Local note | nadeen magdy |
| 650 #7 - SUBJECT ADDED ENTRY--TOPICAL TERM | |
| Topical term or geographic name as entry element | English language |
| General subdivision | Textbooks for foreign speakers. |
| Source of heading or term | BUEsh |
| 650 #7 - SUBJECT ADDED ENTRY--TOPICAL TERM | |
| Topical term or geographic name as entry element | English language |
| General subdivision | Problems, exercises, etc. |
| Source of heading or term | BUEsh |
| 9 (RLIN) | 9351 |
| 650 #7 - SUBJECT ADDED ENTRY--TOPICAL TERM | |
| Topical term or geographic name as entry element | Readers (Adult) |
| Source of heading or term | BUEsh |
| 651 ## - SUBJECT ADDED ENTRY--GEOGRAPHIC NAME | |
| Source of heading or term | BUEsh |
| 653 ## - INDEX TERM--UNCONTROLLED | |
| Resource For college | Humanities: English |
| Arrived date list | July2019 |
| 655 ## - INDEX TERM--GENRE/FORM | |
| Form subdivision | Reading book |
| 9 (RLIN) | 34232 |
| 700 1# - ADDED ENTRY--PERSONAL NAME | |
| Personal name | sandy, chuck, |
| Relator term | author. |
| 9 (RLIN) | 14308 |
| 942 ## - ADDED ENTRY ELEMENTS (KOHA) | |
| Source of classification or shelving scheme | Dewey Decimal Classification |
| Koha item type | Book - Borrowing |
| Withdrawn status | Lost status | Damaged status | Not for loan | Home library | Current library | Shelving location | Date acquired | Source of acquisition | Total Checkouts | Full call number | Barcode | Date last seen | Cost, replacement price | Price effective from | Koha item type | Source of classification or shelving scheme | Public note | Collection code |
|---|---|---|---|---|---|---|---|---|---|---|---|---|---|---|---|---|---|---|
| Central Library | Central Library | Second Floor | 19/02/2006 | Purchase | 4 | 428.24 RIC | 000004423 | 15/07/2025 | 110.00 | 19/02/2006 | Book - Borrowing | |||||||
| Central Library | Central Library | Second Floor | 19/02/2006 | Purchase | 3 | 428.24 RIC | 000004422 | 15/07/2025 | 110.00 | 19/02/2006 | Book - Borrowing | |||||||
| Central Library | Central Library | Second Floor | 19/02/2006 | Purchase | 4 | 428.24 RIC | 000004421 | 15/07/2025 | 110.00 | 19/02/2006 | Book - Borrowing | |||||||
| Central Library | Central Library | Second Floor | 19/02/2006 | Purchase | 428.24 RIC | 000004420 | 15/07/2025 | 110.00 | 19/02/2006 | NB - Book (Non borrowing) | ||||||||
| Central Library | Central Library | Second Floor | 19/02/2006 | Purchase | 428.24 RIC | 000002865 | 15/07/2025 | Book - Borrowing | Dewey Decimal Classification | Workbook 2 | ||||||||
| Central Library | Central Library | Second Floor | 19/10/2021 | Donation | 428.24 RIC | 000050870 | 15/07/2025 | 19/10/2021 | Book - Borrowing | Dewey Decimal Classification | Donation-Gift |